000
00296nam a2200109Ia 4500
008
230907s9999||||xx |||||||||||||| ||und||
082
_a
621.3661
_b
MOR
100
_a
Morthier, Geert,
_9
97044
245
0
_a
Handbook of distributed feedback laser diodes /
300
_a
xvi, 379 pages :
942
_c
BK
999
_c
599366
_d
599366